000 01457nam a2200337Ia 4500
003 OSt
005 20200714193905.0
008 191128s2008 ck ad gr 001 0 spa d
020 _a9789586826426
040 _aCO-JMCR
_cCO-JMCR
041 0 _aspa
082 0 4 _a330.9861 /
_bC266i
_223
100 1 _aCárdenas S., Mauricio,
_eautor
_96536
245 1 0 _aIntroducción a la economía colombiana /
_cMauricio Cárdenas S. con la colaboración de Roberto Junguito, Camilo García, María Fernanda Rosales [y otros]
250 _aPrimera edición
260 _aColombia :
_bAlfaomega : Fedesarrollo, reimpresión,
_c2008.
300 _axxi, 520 páginas :
_b gráficos a blanco y negro ;
_c23 cm.
500 _aIncluye índice páginas 514-520.
505 0 _aCaracterísticas estructurales de la economía colombiana -- Los sectores externo y público -- Funcionamiento de los participales mercados -- La problemática social
650 1 4 _aEconomía colombiana
_97253
650 2 4 _aEstructura económica
_96843
650 2 4 _aProblemas sociales
_97254
650 2 4 _aCrecimiento económico
_xHacienda pública
_97255
650 2 4 _aProblemas sociales
_97254
650 2 4 _aMercados
_xSector público
_97256
650 2 4 _aSector externo
_xProblemas sociales
_97257
700 1 _aJunguito, Roberto,
_ecolaborador
_97213
700 1 _aGarcía, Camilo,
_ecolaborador
_97258
700 1 _aRosales, María Fernanda,
_ecolaborador
_97259
942 _2ddc
_cBK
999 _c5410
_d5410